Sự hình thành dư luận xã hội ở chợ nông thôn /

Đã lưu trong:
Sonraí Bibleagrafaíochta
Príomhúdar: Nguyễn Qúy Thanh.
Údair Eile: Nguyễn Bích Thủy.
Formáid: Bài viết
Teanga:Vietnamese
Ábhair:
Clibeanna: Cuir Clib Leis
Gan Chlibeanna, Bí ar an gcéad duine leis an taifead seo a chlibeáil!
Thư viện lưu trữ: Thư viện Trường Đại học Đà Lạt
LEADER 00867nam a2200289 4500
001 DLU170178962
005 ##20170307
040 # # |a DLU  |b vie 
041 # # |a vie 
044 # # |a vn 
100 # # |a Nguyễn Qúy Thanh. 
245 # # |a Sự hình thành dư luận xã hội ở chợ nông thôn /  |c Nguyễn Qúy Thanh, Nguyễn Bích Thủy. 
653 # # |a Chợ 
653 # # |a Dư luận xã hội 
653 # # |a Nông thôn 
653 # # |a Quan điểm 
653 # # |a Thông tin 
700 # # |a Nguyễn Bích Thủy. 
773 # # |t Tạp chí Khoa học xã hội Việt Nam   |g Số 9(94), 2015, tr. 64-73 
920 # # |a Phòng Tạp chí -- Trung tâm Thông tin - Thư viện Trường Đại học Đà Lạt 
900 # # |a True 
911 # # |a Hoàng Thị Huyền 
925 # # |a G 
926 # # |a A 
927 # # |a BB 
980 # # |a Thư viện Trường Đại học Đà Lạt